00441ntaaa2200157 45000030003000000050017000030080021000200400037000410820018000781000022000962450079001182500010001972600050002073000010002576500016002670120251027201727.00714s1973 ag 01  aAR-BaBNbspacAR-BaBNeaacrdRIC a234.3000 B949 aBushnell, Horace  aForgiveness and law, grounded in principles interpreted by human analogies a1 ed. aNew York : bScribner, Armstrong Co., c1874 a256 p aexpiación